Guess the Billie Eilish Song! (4) - Statistics

General Stats
  • This quiz has been taken 61 times
  • The average score is 186 of 259
Answer Stats
Lyrics % Correct
I
96%
I,
96%
My
94%
my
94%
my,
94%
My,
94%
you?)
92%
You
92%
you
92%
love
90%
love,
90%
(love,
90%
love)
90%
a
88%
he
88%
He
88%
me
88%
be
86%
to
82%
Don't
80%
don't
80%
like
80%
an
78%
(who
76%
and
74%
and)
74%
And
74%
boy
74%
boy,
74%
go
74%
know
72%
want
72%
was
72%
just
70%
(What?)
70%
if
68%
then
68%
But
66%
but
66%
good
66%
his
66%
said
66%
that
66%
by
64%
how
64%
Ba,
62%
ba,
62%
mine
62%
are
60%
friends
60%
boy's
58%
girl,
58%
he's
58%
loves
58%
mean
58%
promised
58%
being
56%
cuts
56%
ends
56%
off
56%
split
56%
sus,
56%
sus
56%
yours,
56%
as
54%
goodbye
54%
crier
52%
hell
52%
man
52%
ugly
52%
well,
52%
ain't
50%
'em
50%
father
50%
liar
50%
pretty
50%
da
48%
da,
48%
gotta
48%
he'd
48%
honest
48%
now
48%
over
48%
sounds
48%
such
48%
cuss
46%
shadow
46%
shady
46%
sure
46%
tryna
46%
change
44%
enough
44%
knife)
44%
trip
42%
dude,
36%
(Alright
34%
Mmm
32%
four
26%
(Three
26%
No matching quizzes found
Score Distribution
Percent of People with Each Score
Percentile by Number Answered
Your Score History
You have not taken this quiz